[Event "Rated Blitz game"]
[Site "?"]
[Date "2021.01.06"]
[Round "?"]
[White "Udemzo"]
[Black "kassisov"]
[Result "0-1"]
[WhiteElo "2406"]
[BlackElo "2406"]
[PlyCount "136"]
[EventDate "2021.??.??"]
[EventType "blitz"]

1. e4 e5 2. Nf3 d5 3. exd5 e4 4. Qe2 Nf6 5. d3 Bb4+ 6. c3 O-O 7. dxe4 Bc5 8.
Nbd2 Re8 9. Qc4 b6 10. b4 Ba6 11. Qb3 Bxf1 12. Kxf1 Bd6 13. Qc2 Qe7 14. g3 Nxe4
15. Nxe4 Qxe4 16. Qxe4 Rxe4 17. Be3 Nd7 18. Kg2 h6 19. Rhc1 Rae8 20. Rab1 b5
21. a4 a6 22. axb5 axb5 23. Bf4 Bxf4 24. gxf4 Rxf4 25. Nd4 Rb8 26. Kg3 Rf6 27.
c4 bxc4 28. Rxc4 Ne5 29. Rxc7 Rb5 30. Nc6 Ng6 31. Rd1 Rd6 32. f4 Rbxd5 33. Rxd5
Rxd5 34. Ne7+ Nxe7 35. Rxe7 Rb5 36. Re4 f5 37. Rc4 Kf7 38. Kf3 Kg6 39. Ke3 Kh5
40. Kf3 Kh4 41. Rd4 Kh3 42. Rc4 Kxh2 43. Rd4 h5 44. Rc4 h4 45. Rc5 Rxb4 46.
Rxf5 Rb3+ 47. Kf2 Rb7 48. Rg5 h3 49. f5 Rf7 50. Kf3 g6 51. Rxg6 Rxf5+ 52. Ke4
Rf1 53. Ke3 Rg1 54. Rh6 Rg7 55. Kf2 Rf7+ 56. Ke3 Kg2 57. Rg6+ Kh1 58. Rh6 h2
59. Rh5 Rf8 60. Rg5 Rf6 61. Ke2 Rf4 62. Ke3 Rf1 63. Rg6 Rg1 64. Rh6 Rf1 65. Rg6
Rf8 66. Ke2 Re8+ 67. Kf3 Ra8 68. Kg4 Ra4+ {Time forfeit} 0-1

[Event "Rated Blitz game"]
[Site "?"]
[Date "2021.01.06"]
[Round "?"]
[White "a-D-I-b"]
[Black "BaronBananenschnabel"]
[Result "0-1"]
[WhiteElo "2432"]
[BlackElo "2362"]
[PlyCount "48"]
[EventDate "2021.??.??"]
[EventType "blitz"]

1. e4 e5 2. Nf3 d5 3. Nxe5 Bd6 4. d4 dxe4 5. Nc3 Bxe5 6. dxe5 Qxd1+ 7. Kxd1 Bf5
8. Bc4 Nc6 9. Bf4 Nge7 10. Re1 Ng6 11. Bg3 Ngxe5 12. Bxe5 Nxe5 13. Nxe4 O-O-O+
14. Bd3 Nxd3 15. cxd3 Rxd3+ 16. Kc2 Rhd8 17. Nc3 Rd2+ 18. Kb3 Rxf2 19. Re7 Be6+
20. Ka3 Rd6 21. Rc1 Ra6+ 22. Kb4 Rxb2+ 23. Kc5 Rd6 24. Re1 b6# {Normal} 0-1

[Event "Rated Blitz tournament BP9WjUuc"]
[Site "?"]
[Date "2021.01.06"]
[Round "?"]
[White "jinanjomon"]
[Black "Jenlen3001"]
[Result "0-1"]
[WhiteElo "2310"]
[BlackElo "2432"]
[PlyCount "46"]
[EventDate "2021.??.??"]
[EventType "blitz"]

1. e4 e5 2. Nf3 d5 3. exd5 e4 4. Qe2 Nf6 5. Nc3 Be7 6. Nxe4 O-O 7. Nxf6+ Bxf6
8. d3 Re8 9. Be3 Bxb2 10. Rb1 Bc3+ 11. Nd2 Qxd5 12. Rb3 Bf6 13. Kd1 Nc6 14. Rg1
Nd4 15. c4 Qd8 16. Bxd4 Rxe2 17. Bxf6 Rxd2+ 18. Kxd2 Qxf6 19. Be2 Qxf2 20. Rf1
Qxg2 21. Rb5 Bg4 22. Re5 Bxe2 23. Rxe2 Qxf1 {Normal} 0-1

[Event "Rated Blitz game"]
[Site "?"]
[Date "2021.01.06"]
[Round "?"]
[White "ChrisPaul3"]
[Black "Kovalchuk94"]
[Result "0-1"]
[WhiteElo "2381"]
[BlackElo "2560"]
[PlyCount "64"]
[EventDate "2021.??.??"]
[EventType "blitz"]

1. e4 e5 2. Nf3 d5 3. d4 dxe4 4. Nxe5 Bd6 5. Nc4 Nf6 6. Nxd6+ Qxd6 7. c3 O-O 8.
Be3 Nd5 9. Qd2 f5 10. g3 Be6 11. c4 Nxe3 12. Qxe3 Nc6 13. d5 Nb4 14. Na3 Bd7
15. O-O-O Nxa2+ 16. Kb1 Nb4 17. c5 Qe5 18. Qb3 a5 19. Nc4 Qf6 20. Nxa5 Rxa5 21.
Qxb4 Rfa8 22. Bc4 Kh8 23. Qxb7 f4 24. c6 Bf5 25. Qb3 e3+ 26. Bd3 e2 27. Rde1
Qg6 28. Kc2 f3 29. Kd2 Rd8 30. Ke3 Raxd5 31. Bb1 Bxb1 32. Kxf3 Rd3+ {Normal}
0-1

[Event "Rated Blitz game"]
[Site "?"]
[Date "2021.01.06"]
[Round "?"]
[White "kintoho"]
[Black "geptil"]
[Result "1-0"]
[WhiteElo "2561"]
[BlackElo "2395"]
[PlyCount "79"]
[EventDate "2021.??.??"]
[EventType "blitz"]

1. e4 e5 2. Nf3 d5 3. d4 dxe4 4. Nxe5 Bd6 5. Nc4 Nf6 6. Nxd6+ Qxd6 7. h3 O-O 8.
c3 Nd5 9. Na3 f5 10. Nc4 Qf6 11. Ne3 c6 12. Bc4 Be6 13. Qb3 Qf7 14. g3 Na6 15.
Nxd5 cxd5 16. Bxa6 bxa6 17. Bf4 h6 18. h4 Qh5 19. Qb7 Rae8 20. Qxa6 g5 21. Bd6
Rf7 22. Qe2 Qg6 23. hxg5 hxg5 24. Qh5 Qxh5 25. Rxh5 Rg7 26. Be5 Rg6 27. Kd2 Kf8
28. Rh7 Bf7 29. Rah1 Ke7 30. R1h6 Reg8 31. Rxg6 Rxg6 32. Ke3 a6 33. b4 Rc6 34.
Kd2 Rg6 35. a4 Ke6 36. b5 axb5 37. axb5 Rg8 38. b6 Ra8 39. b7 Ra2+ 40. Kc1 {
Normal} 1-0

[Event "Rated Blitz game"]
[Site "?"]
[Date "2021.01.06"]
[Round "?"]
[White "lellino"]
[Black "vitalirapid2021"]
[Result "1-0"]
[WhiteElo "2422"]
[BlackElo "2399"]
[PlyCount "105"]
[EventDate "2021.??.??"]
[EventType "blitz"]

1. e4 e5 2. Nf3 d5 3. exd5 e4 4. Qe2 Be7 5. Qxe4 Nf6 6. Qa4+ c6 7. dxc6 O-O 8.
Be2 Nxc6 9. O-O Re8 10. Re1 Bc5 11. h3 Ne4 12. d4 Nxd4 13. Nxd4 Bxd4 14. Be3
Bxe3 15. fxe3 Bd7 16. Qb3 Be6 17. Qxb7 Bd5 18. Qb4 Rb8 19. Qd4 Ng5 20. Nc3
Nxh3+ 21. gxh3 Qg5+ 22. Bg4 Ba8 23. Qf4 Qc5 24. Kh2 Rxb2 25. Ne2 Rxe3 26. Rf1
f6 27. Rab1 Rxb1 28. Rxb1 Re8 29. Rb8 Qc6 30. Rxe8+ Qxe8 31. Ng3 h6 32. Qc4+
Kh8 33. Qe6 Qb8 34. Qc8+ Qxc8 35. Bxc8 Bd5 36. Bf5 Bxa2 37. Bd3 a5 38. Bb5 Bd5
39. c4 Bf7 40. c5 Kg8 41. c6 Kf8 42. Nf5 Be6 43. Nd4 Bc8 44. Kg3 Ke7 45. h4 Kd6
46. Kf4 g5+ 47. hxg5 fxg5+ 48. Ke3 Kc5 49. Ba4 Kb6 50. Ke4 Kc5 51. Ke5 g4 52.
Nf5 g3 53. Nxg3 {Time forfeit} 1-0

[Event "Rated Blitz game"]
[Site "?"]
[Date "2021.01.06"]
[Round "?"]
[White "ahmedSulaimaniyah16"]
[Black "Kovalchuk94"]
[Result "0-1"]
[WhiteElo "2446"]
[BlackElo "2592"]
[PlyCount "71"]
[EventDate "2021.??.??"]
[EventType "blitz"]

1. e4 e5 2. Nf3 d5 3. Nxe5 Bd6 4. d4 dxe4 5. Bf4 Nf6 6. Nc3 O-O 7. Bc4 Nbd7 8.
O-O Qe7 9. Nxd7 Bxd7 10. Bxd6 Qxd6 11. Bb3 Ng4 12. g3 Qh6 13. h4 e3 14. f3 Nf2
15. Rxf2 exf2+ 16. Kxf2 Rfe8 17. Qd3 Bc6 18. d5 Rad8 19. Re1 Rxe1 20. Kxe1 Qc1+
21. Kf2 Bd7 22. Ne4 h6 23. Qc3 c6 24. d6 Qd1 25. Qe5 Re8 26. Qf4 Be6 27. Nc3
Qh1 28. Ne4 Qh2+ 29. Ke3 Bxb3 30. axb3 Qxc2 31. d7 Qxb3+ 32. Kf2 Qxb2+ 33. Ke3
Qc1+ 34. Kd4 Qd1+ 35. Nd2 Rd8 36. Kc5 {Normal} 0-1

[Event "Rated Blitz game"]
[Site "?"]
[Date "2021.01.06"]
[Round "?"]
[White "Shah-gulyi"]
[Black "Arrubarena"]
[Result "1-0"]
[WhiteElo "2356"]
[BlackElo "2468"]
[PlyCount "81"]
[EventDate "2021.??.??"]
[EventType "blitz"]

1. e4 e5 2. Nf3 d5 3. Nxe5 Bd6 4. d4 dxe4 5. Bc4 Bxe5 6. Qh5 Qe7 7. dxe5 Be6 8.
Bxe6 Qxe6 9. Nc3 Nc6 10. Bf4 O-O-O 11. O-O Nge7 12. Nxe4 Ng6 13. Bg3 Ngxe5 14.
Rfe1 Qg6 15. Qxg6 hxg6 16. Ng5 f6 17. Bxe5 Nxe5 18. f4 fxg5 19. fxe5 Rd2 20.
Rad1 Rxd1 21. Rxd1 Re8 22. Rf1 Rxe5 23. Rf7 Re2 24. Rxg7 Rxc2 25. Rxg6 Rxb2 26.
Rxg5 Rxa2 27. h4 Kd7 28. h5 Ra6 29. Rg7+ Ke6 30. Rxc7 b5 31. Rb7 Rb6 32. Rxb6+
axb6 33. Kf2 b4 34. Ke2 Kf5 35. g4+ Kg5 36. Kd2 b3 37. Kc3 Kxg4 38. h6 Kg5 39.
h7 Kf6 40. h8=Q+ Kf5 41. Kxb3 {Normal} 1-0

[Event "Rated Blitz game"]
[Site "?"]
[Date "2021.01.06"]
[Round "?"]
[White "Salvaged_Dirt"]
[Black "Kovalchuk94"]
[Result "0-1"]
[WhiteElo "2488"]
[BlackElo "2557"]
[PlyCount "160"]
[EventDate "2021.??.??"]
[EventType "blitz"]

1. e4 e5 2. Nf3 d5 3. Nxe5 Bd6 4. d4 dxe4 5. Nc4 Nf6 6. Nxd6+ Qxd6 7. Be2 Nc6
8. c3 O-O 9. Nd2 Re8 10. Nc4 Qe7 11. Bg5 h6 12. Bh4 Bf5 13. Ne3 Bh7 14. Qb3
Rab8 15. g4 Qd6 16. g5 hxg5 17. Bxg5 Na5 18. Qa4 Nc6 19. Rg1 Nd7 20. O-O-O Nb6
21. Qa3 Qxa3 22. bxa3 Kh8 23. Bh5 Rf8 24. Bf4 Rbc8 25. Bg4 f5 26. Bh5 Nd7 27.
Bg6 Rf6 28. Bxh7 Kxh7 29. Rg5 g6 30. h4 Ne7 31. h5 gxh5 32. Rxh5+ Kg6 33. Rdh1
Kf7 34. d5 Rg8 35. Rh7+ Rg7 36. Bxc7 Nc5 37. Kc2 Nd3 38. d6 Nc6 39. d7 Nxf2 40.
Rxg7+ Kxg7 41. Rg1+ Kf7 42. d8=Q Nxd8 43. Bxd8 Rd6 44. Bc7 Rd7 45. Bf4 Nd3 46.
Rf1 Ke6 47. Bb8 Rf7 48. Bxa7 f4 49. Nc4 b5 50. Nd2 Kd5 51. a4 Ne5 52. Bb6 e3
53. Nb3 bxa4 54. Nd4 Ke4 55. Ne6 Nc4 56. Ng5+ Kf5 57. Nxf7 Nxb6 58. Nd6+ Ke5
59. Nb5 Ke4 60. Nd4 Nd5 61. a3 Nb6 62. Ne6 f3 63. Nc5+ Kd5 64. Nxa4 Nxa4 65.
Rxf3 Kc4 66. Rxe3 Nc5 67. Re4+ Nxe4 68. Kb2 Nc5 69. a4 Na6 70. a5 Nc5 71. Ka3
Na6 72. Ka4 Kc5 73. Kb3 Kb5 74. c4+ Kxa5 75. Kc3 Kb6 76. Kd4 Kc7 77. c5 Nb8 78.
Kd5 Nc6 79. Kc4 Nb8 80. Kd5 Nc6 {Time forfeit} 0-1

[Event "Rated Blitz game"]
[Site "?"]
[Date "2021.01.06"]
[Round "?"]
[White "The_bilb"]
[Black "Tayota"]
[Result "1-0"]
[WhiteElo "2583"]
[BlackElo "2395"]
[PlyCount "91"]
[EventDate "2021.??.??"]
[EventType "blitz"]

1. e4 e5 2. Nf3 d5 3. Nxe5 Qe7 4. d4 f6 5. Nd3 Nc6 6. c3 Bf5 7. Be3 Bxe4 8. Nc5
Rb8 9. Nxe4 dxe4 10. Bb5 a6 11. Bxc6+ bxc6 12. Qc2 f5 13. O-O Nf6 14. Nd2 Qe6
15. f3 Bd6 16. fxe4 fxe4 17. Bg5 O-O 18. Bxf6 Rxf6 19. Rxf6 Qxf6 20. Nxe4 Qg6
21. Rc1 Bf4 22. Rf1 Rf8 23. Kh1 h6 24. g3 Bd6 25. Rxf8+ Bxf8 26. Qe2 Qe6 27. b3
c5 28. Qc4 Qxc4 29. bxc4 cxd4 30. cxd4 c5 31. Nxc5 Bxc5 32. dxc5 Kf7 33. Kg2
Ke7 34. Kf3 Kd7 35. Ke4 g6 36. Kd5 Kc7 37. h4 h5 38. Ke6 Kc6 39. Kf6 Kxc5 40.
Kxg6 Kxc4 41. Kxh5 a5 42. g4 a4 43. g5 Kc3 44. g6 Kb2 45. g7 Kxa2 46. g8=Q+ {
Normal} 1-0

[Event "Rated Blitz game"]
[Site "?"]
[Date "2021.01.06"]
[Round "?"]
[White "Srbislav"]
[Black "drdumbo"]
[Result "0-1"]
[WhiteElo "2348"]
[BlackElo "2461"]
[PlyCount "78"]
[EventDate "2021.??.??"]
[EventType "blitz"]

1. e4 e5 2. Nf3 d5 3. Nxe5 Bd6 4. d4 dxe4 5. Nc4 Nf6 6. Bg5 Nc6 7. c3 O-O 8.
Be2 Re8 9. Nbd2 h6 10. Bh4 Bf4 11. Ne3 g5 12. Bg3 Nd5 13. Nxd5 Qxd5 14. Bxf4
gxf4 15. Bc4 Qg5 16. Qb3 Re7 17. O-O-O Bf5 18. h4 Qf6 19. Bd5 Na5 20. Qb4 e3
21. fxe3 fxe3 22. Nf3 c6 23. Qxa5 cxd5 24. Qxd5 Be4 25. Qh5 Rc8 26. Rhe1 Bg6
27. Qg4 Rcc7 28. h5 Qf5 29. Qxf5 Bxf5 30. Ne5 f6 31. Nf3 b5 32. a3 a5 33. Re2
b4 34. axb4 axb4 35. Rde1 bxc3 36. Rxe3 cxb2+ 37. Kxb2 Rc2+ 38. Kb3 Rb7+ 39.
Ka3 Bd7 {Time forfeit} 0-1

[Event "Rated Blitz game"]
[Site "?"]
[Date "2021.01.06"]
[Round "?"]
[White "Principatibus"]
[Black "Arrubarena"]
[Result "1-0"]
[WhiteElo "2547"]
[BlackElo "2483"]
[PlyCount "23"]
[EventDate "2021.??.??"]
[EventType "blitz"]

1. e4 e5 2. Nf3 d5 3. Nc3 dxe4 4. Nxe4 f5 5. Ng3 e4 6. Ne5 Nf6 7. Bc4 Qd4 8.
Bf7+ Ke7 9. f4 Nc6 10. Nxc6+ bxc6 11. Bb3 Ba6 12. Nxf5+ {Normal} 1-0

[Event "Rated Blitz tournament ifvbJrHP"]
[Site "?"]
[Date "2021.01.06"]
[Round "?"]
[White "PrinceMurad09"]
[Black "Grimlock_Glasgow"]
[Result "1/2-1/2"]
[WhiteElo "2512"]
[BlackElo "2544"]
[PlyCount "113"]
[EventDate "2021.??.??"]
[EventType "blitz"]

1. e4 e5 2. Nf3 d5 3. exd5 Bd6 4. Nc3 Nf6 5. Bc4 O-O 6. d3 h6 7. h3 Nbd7 8. O-O
Nb6 9. Bb3 Re8 10. Re1 Bf5 11. a4 a5 12. Nb5 Nfxd5 13. Nxd6 cxd6 14. Nd2 Qd7
15. Qf3 Be6 16. Nc4 Nxc4 17. Bxc4 Nb4 18. Bb5 Qc7 19. Be3 Bd7 20. Bc4 Bc6 21.
Qg3 Kh7 22. Bb3 Bd5 23. c4 Bc6 24. d4 Re6 25. d5 Rg6 26. Qf3 Bd7 27. Bd2 f5 28.
Rac1 e4 29. Qe3 Nd3 30. Bc3 Nxc1 31. Rxc1 Rf8 32. Bd4 f4 33. Qc3 e3 34. Bc2 Bf5
35. fxe3 f3 36. Bxf5 Rxf5 37. g4 h5 38. Qd3 Qd7 39. Kf2 hxg4 40. hxg4 Rxg4 41.
Rh1+ Kg8 42. Rh2 Rg2+ 43. Rxg2 fxg2+ 44. Kxg2 Rg5+ 45. Kf2 Qh3 46. Qe4 Rf5+ 47.
Ke1 Qg3+ 48. Ke2 Rf2+ 49. Kd3 Qg1 50. Qe8+ Rf8 51. Qe6+ Rf7 52. Qe8+ Rf8 53.
Qe6+ Kh7 54. Qh3+ Kg6 55. Qe6+ Kh7 56. Qh3+ Kg8 57. Qe6+ {Normal} 1/2-1/2

[Event "Rated Blitz game"]
[Site "?"]
[Date "2021.01.06"]
[Round "?"]
[White "Bakayoyo"]
[Black "Fantastic_power06"]
[Result "0-1"]
[WhiteElo "2684"]
[BlackElo "2624"]
[PlyCount "118"]
[EventDate "2021.??.??"]
[EventType "blitz"]

1. e4 e5 2. Nf3 d5 3. Nxe5 Bd6 4. d4 dxe4 5. Nc4 Nc6 6. Nc3 Bb4 7. Be3 Nf6 8.
a3 Bxc3+ 9. bxc3 Nd5 10. Qd2 O-O 11. Be2 f5 12. f4 exf3 13. Bxf3 Nxe3 14. Qxe3
Re8 15. Ne5 Nxe5 16. dxe5 Qh4+ 17. Kf1 Be6 18. Qd4 Qe7 19. Kf2 Rad8 20. Qe3 f4
21. Qxf4 Rf8 22. Qe3 Qh4+ 23. Kg1 Rd7 24. Rf1 Bc4 25. Qf2 Qxf2+ 26. Rxf2 Re8
27. h4 c6 28. Kh2 Rxe5 29. Bg4 Rd8 30. Rb1 b5 31. Bf3 Bd5 32. Rd2 h6 33. Rbd1
Kf8 34. Kg3 Ke7 35. Kf4 Kf6 36. Bxd5 g5+ 37. hxg5+ hxg5+ 38. Kf3 cxd5 39. Rd4
Rf5+ 40. Kg3 Re8 41. a4 Re3+ 42. Kh2 bxa4 43. Rxa4 Rxc3 44. Rxa7 Rxc2 45. Ra6+
Ke5 46. Re1+ Kd4 47. Rd1+ Kc5 48. Ra5+ Kd6 49. Ra6+ Rc6 50. Ra8 g4 51. Rd8+ Kc7
52. Rh8 Rcf6 53. Rh4 Rh5 54. Kg3 Rxh4 55. Kxh4 Rg6 56. Kh5 Rf6 57. Kxg4 Rf2 58.
Rxd5 Rc2 59. Kf3 Rc3+ {Time forfeit} 0-1

[Event "Rated Blitz game"]
[Site "?"]
[Date "2021.01.06"]
[Round "?"]
[White "Czentovic75"]
[Black "geptil"]
[Result "1-0"]
[WhiteElo "2455"]
[BlackElo "2378"]
[PlyCount "35"]
[EventDate "2021.??.??"]
[EventType "blitz"]

1. e4 e5 2. Nf3 d5 3. exd5 e4 4. Ne5 Qxd5 5. d4 exd3 6. Nxd3 Nf6 7. Nc3 Qf5 8.
Be2 Bd6 9. Be3 Nc6 10. Qd2 Be6 11. O-O-O Qa5 12. Nf4 Ne4 13. Nxe4 Qxa2 14.
Nxd6+ cxd6 15. Qc3 Rc8 16. Nxe6 fxe6 17. Qxg7 Rf8 18. Bh5+ {Normal} 1-0

[Event "Rated Blitz tournament n9XU9FSP"]
[Site "?"]
[Date "2021.01.06"]
[Round "?"]
[White "JewellRoque17"]
[Black "Jordaine_Tupaz"]
[Result "1-0"]
[WhiteElo "2422"]
[BlackElo "2263"]
[PlyCount "75"]
[EventDate "2021.??.??"]
[EventType "blitz"]

1. e4 e5 2. Nf3 d5 3. d3 dxe4 4. dxe4 Qxd1+ 5. Kxd1 Bg4 6. Bd3 Bxf3+ 7. gxf3
Nc6 8. Ke2 O-O-O 9. c3 Bc5 10. Rg1 g6 11. a4 a5 12. Nd2 Nge7 13. Nb3 Bb6 14.
Bg5 Rd6 15. Bc4 f6 16. Be3 Bxe3 17. fxe3 Rhd8 18. h4 Kb8 19. h5 f5 20. hxg6
hxg6 21. exf5 gxf5 22. Rgd1 Rxd1 23. Rxd1 Rxd1 24. Kxd1 f4 25. Ke2 Kc8 26. Be6+
Kd8 27. exf4 exf4 28. Nc5 b6 29. Nd3 Ng6 30. Bf7 Nce5 31. Bxg6 Nxg6 32. Nf2 Nh4
33. Nh3 Ng2 34. Kd3 Ke7 35. Ke4 Kd6 36. Nxf4 Ne1 37. Ke3 Nc2+ 38. Kd2 {Normal}
1-0

[Event "Rated Blitz tournament BP9WjUuc"]
[Site "?"]
[Date "2021.01.06"]
[Round "?"]
[White "sanju1996d"]
[Black "Jenlen3001"]
[Result "1-0"]
[WhiteElo "2304"]
[BlackElo "2410"]
[PlyCount "143"]
[EventDate "2021.??.??"]
[EventType "blitz"]

1. e4 e5 2. Nf3 d5 3. d4 dxe4 4. Nxe5 Bd6 5. Bf4 Nf6 6. Nc3 O-O 7. Bc4 Bf5 8.
O-O Nbd7 9. f3 e3 10. Qe2 Nh5 11. Qxe3 Nxf4 12. Qxf4 Bg6 13. Qe3 Re8 14. f4 Qf6
15. Nxd7 Rxe3 16. Nxf6+ gxf6 17. g3 Bxc2 18. Rae1 Rae8 19. Kf2 Rxe1 20. Rxe1
Rxe1 21. Kxe1 c6 22. Kd2 Bf5 23. Bd3 Bg4 24. Ne4 Be7 25. Nf2 Bc8 26. b3 f5 27.
Nd1 Kg7 28. Ne3 Kf6 29. Nc4 Bb4+ 30. Ke3 b5 31. Ne5 Bb7 32. Nd7+ Ke6 33. Ne5 f6
34. Nf3 a6 35. Nh4 c5 36. Bxf5+ Kd6 37. Bxh7 Bc3 38. dxc5+ Kxc5 39. Be4 Bc8 40.
Kd3 Kb4 41. Nf5 Bxf5 42. Bxf5 Be1 43. Kc2 Ka3 44. Kb1 b4 45. Bd3 a5 46. g4 Bd2
47. g5 fxg5 48. fxg5 Bxg5 49. h3 Bh4 50. Bb5 Bf6 51. Ba4 Bh4 52. Kc2 Bf6 53.
Kd3 Kxa2 54. Ke4 Kb2 55. Kf5 Bd8 56. Kg4 Kc3 57. h4 Kd4 58. h5 Ke5 59. h6 Kf6
60. Be8 Bb6 61. Kh5 Be3 62. Ba4 Bc1 63. Bb5 Bd2 64. Ba4 Kf7 65. h7 Kg7 66. Kg4
Kxh7 67. Kf5 Bc3 68. Ke4 Bd2 69. Kd5 Be1 70. Kc4 Bc3 71. Kb5 Be1 72. Kxa5 {
Time forfeit} 1-0

[Event "Rated Blitz game"]
[Site "?"]
[Date "2021.01.06"]
[Round "?"]
[White "vicoy25"]
[Black "Schachtrainer-Schuh"]
[Result "0-1"]
[WhiteElo "2348"]
[BlackElo "2520"]
[PlyCount "48"]
[EventDate "2021.??.??"]
[EventType "blitz"]

1. e4 e5 2. Nf3 d5 3. Nxe5 Bd6 4. d4 dxe4 5. Nc4 Nf6 6. Nxd6+ Qxd6 7. Be2 O-O
8. O-O Nc6 9. c3 Nd5 10. Nd2 f5 11. Nc4 Qg6 12. f4 Be6 13. Ne3 Rad8 14. Nxd5
Bxd5 15. Be3 Qf7 16. b3 Be6 17. Qe1 Kh8 18. Rd1 Rd6 19. c4 Bc8 20. d5 Ne7 21.
Bxa7 b6 22. c5 Rh6 23. d6 Nc6 24. dxc7 Nxa7 {Time forfeit} 0-1

[Event "Rated Blitz game"]
[Site "?"]
[Date "2021.01.06"]
[Round "?"]
[White "ilalchemer"]
[Black "drdumbo"]
[Result "0-1"]
[WhiteElo "2328"]
[BlackElo "2473"]
[PlyCount "66"]
[EventDate "2021.??.??"]
[EventType "blitz"]

1. e4 e5 2. Nf3 d5 3. Nxe5 Bd6 4. d4 dxe4 5. Qh5 Qe7 6. Bc4 Be6 7. Bxe6 Qxe6 8.
Nc3 Nf6 9. Qe2 Nc6 10. Nxc6 bxc6 11. Bg5 O-O 12. Bxf6 Qxf6 13. O-O-O Rfe8 14.
Nxe4 Qf4+ 15. Kb1 Qxe4 16. Qc4 Qd5 17. Qd3 Rab8 18. c4 Qe4 19. c5 Bf8 20. f3
Qxd3+ 21. Rxd3 Re2 22. Rb3 Rxb3 23. axb3 Rxg2 24. b4 g6 25. Ka2 Rd2 26. Kb3 Bg7
27. Ra1 Bxd4 28. Rxa7 Rxb2+ 29. Kc4 Be5 30. h4 Rh2 31. Ra8+ Kg7 32. Re8 Rxh4+
33. Kb3 Kf6 {Normal} 0-1

[Event "Rated Blitz game"]
[Site "?"]
[Date "2021.01.06"]
[Round "?"]
[White "EleKtRoMaGnIt"]
[Black "Fantastic_power06"]
[Result "0-1"]
[WhiteElo "2640"]
[BlackElo "2616"]
[PlyCount "70"]
[EventDate "2021.??.??"]
[EventType "blitz"]

1. e4 e5 2. Nf3 d5 3. Nxe5 Bd6 4. d4 dxe4 5. Nc3 Bxe5 6. dxe5 Qxd1+ 7. Kxd1 Nc6
8. Bb5 Bd7 9. Bf4 O-O-O 10. Kc1 Nge7 11. Nxe4 Ng6 12. Bg5 Rde8 13. f4 h6 14.
Bf6 gxf6 15. Nxf6 Re7 16. Nxd7 Rxd7 17. g3 Rdd8 18. c3 Nce7 19. Kc2 Nf5 20.
Rae1 h5 21. Bd3 Nh6 22. e6 Rhg8 23. exf7 Nxf7 24. Re6 Nf8 25. Rf6 Nd6 26. Re1
Nd7 27. Rfe6 Nc5 28. R6e3 h4 29. Bf1 Kb8 30. Bh3 Nc4 31. R3e2 hxg3 32. hxg3
Rxg3 33. Bg2 Nd3 34. Rf1 Ne3+ 35. Rxe3 Rxe3 {Normal} 0-1

[Event "Rated Blitz game"]
[Site "?"]
[Date "2021.01.06"]
[Round "?"]
[White "Jeep80"]
[Black "drdumbo"]
[Result "0-1"]
[WhiteElo "2364"]
[BlackElo "2472"]
[PlyCount "64"]
[EventDate "2021.??.??"]
[EventType "blitz"]

1. e4 e5 2. Nf3 d5 3. exd5 Bd6 4. Bc4 e4 5. Qe2 Nf6 6. d3 O-O 7. dxe4 Nxe4 8.
O-O Re8 9. Be3 Bg4 10. h3 Bh5 11. Nc3 Nxc3 12. bxc3 Nd7 13. Qd1 Qf6 14. Be2
Rxe3 15. fxe3 Qxc3 16. Qd3 Qf6 17. Nd4 Qe5 18. Bxh5 Qh2+ 19. Kf2 Bg3+ 20. Ke2
Qxg2+ 21. Kd1 Nc5 22. Bxf7+ Kh8 23. Qe2 Qe4 24. Bh5 Na4 25. Nb5 a6 26. Bf3 Qb4
27. Qd2 Qxb5 28. Kc1 Be5 29. Rb1 Bb2+ 30. Kd1 Qxf1+ 31. Qe1 Nc3+ 32. Kd2 Nxb1+
{Normal} 0-1

[Event "Rated Blitz game"]
[Site "?"]
[Date "2021.01.06"]
[Round "?"]
[White "arkos11"]
[Black "AlaEldin"]
[Result "0-1"]
[WhiteElo "2401"]
[BlackElo "2266"]
[PlyCount "44"]
[EventDate "2021.??.??"]
[EventType "blitz"]

1. e4 e5 2. Nf3 d5 3. exd5 e4 4. Qe2 Nf6 5. Nc3 Be7 6. Nxe4 O-O 7. Nxf6+ Bxf6
8. Qc4 b6 9. d3 Bb7 10. Be2 Re8 11. Be3 Bxb2 12. Rb1 Bxd5 13. Qg4 Bc3+ 14. Kf1
Nd7 15. Bd4 Bxd4 16. Qxd4 Nf6 17. Qh4 Bxa2 18. Re1 Bd5 19. Qa4 Qd6 20. Nd4 c5
21. Nf5 Qc6 22. Ne3 Qxa4 {Normal} 0-1

[Event "Rated Blitz game"]
[Site "?"]
[Date "2021.01.06"]
[Round "?"]
[White "JoeAssaad"]
[Black "Kovalchuk94"]
[Result "0-1"]
[WhiteElo "2487"]
[BlackElo "2544"]
[PlyCount "90"]
[EventDate "2021.??.??"]
[EventType "blitz"]

1. e4 e5 2. Nf3 d5 3. Nxe5 Bd6 4. d4 dxe4 5. Nc4 Nf6 6. Nc3 O-O 7. Bg5 Re8 8.
Be2 Nc6 9. Qd2 h6 10. Bh4 Bf5 11. O-O-O Be7 12. Kb1 Nb4 13. g4 Nxg4 14. Bxe7
Qxe7 15. Bxg4 Bxg4 16. Rde1 Bf3 17. Rhg1 Qf6 18. Ne5 Rad8 19. Nxe4 Bxe4 20.
Qxb4 Qxf2 21. Ref1 Qxd4 22. Qxd4 Rxd4 23. Nxf7 Kh7 24. Rf2 Bg6 25. b3 Re7 26.
Rfg2 Bxf7 27. Rxg7+ Kh8 28. Kb2 Rd8 29. R1g2 Rg8 30. Rxg8+ Bxg8 31. Rd2 Kh7 32.
Rd4 Bf7 33. h4 b6 34. Kc3 a5 35. Rd2 Kg6 36. a4 Kh5 37. Rg2 Bd5 38. Rh2 Re4 39.
Rd2 c6 40. Kb2 Kxh4 41. Rh2+ Kg5 42. Rg2+ Rg4 43. Rd2 Rg2 44. Rd1 Be4 45. Rh1
Rxc2+ {Normal} 0-1

[Event "Rated Blitz game"]
[Site "?"]
[Date "2021.01.06"]
[Round "?"]
[White "rfwkkk"]
[Black "dozer01"]
[Result "1-0"]
[WhiteElo "2621"]
[BlackElo "2570"]
[PlyCount "61"]
[EventDate "2021.??.??"]
[EventType "blitz"]

1. e4 e5 2. Nf3 d5 3. exd5 e4 4. Qe2 Nf6 5. d3 Bc5 6. dxe4 O-O 7. Bg5 h6 8.
Bxf6 Qxf6 9. c3 Re8 10. Nbd2 c6 11. Qc4 b6 12. b4 cxd5 13. Qxd5 Qxc3 14. Rb1
Bxb4 15. Qxa8 Bf5 16. Rxb4 Qxb4 17. Bd3 Bd7 18. O-O Qa3 19. Qd5 Be6 20. Qb5 Rd8
21. Bc4 Bg4 22. Qb3 Qxb3 23. Bxb3 Nc6 24. h3 Bh5 25. Rc1 Na5 26. Rc7 Nxb3 27.
axb3 a5 28. Rb7 Rd6 29. Nc4 Rd1+ 30. Kh2 Bg6 31. Nfd2 {Normal} 1-0

[Event "Rated Blitz game"]
[Site "?"]
[Date "2021.01.06"]
[Round "?"]
[White "JoeAssaad"]
[Black "Kovalchuk94"]
[Result "1-0"]
[WhiteElo "2496"]
[BlackElo "2534"]
[PlyCount "71"]
[EventDate "2021.??.??"]
[EventType "blitz"]

1. e4 e5 2. Nf3 d5 3. Nxe5 Bd6 4. d4 dxe4 5. Nc4 Nf6 6. Nc3 O-O 7. Bg5 Re8 8.
Be2 h6 9. Bh4 Nc6 10. O-O Nxd4 11. Re1 Nxe2+ 12. Qxe2 Bg4 13. Qf1 g5 14. Bg3
Bxg3 15. fxg3 Qe7 16. h3 Bh5 17. Kh2 Rad8 18. Ne3 Qe5 19. Nf5 Kh7 20. Ne3 Rd2
21. Rac1 Rd7 22. Nc4 Qe6 23. Ne3 c6 24. g4 Bg6 25. Rcd1 Red8 26. Rxd7 Nxd7 27.
Qf2 Ne5 28. Kh1 Nc4 29. Nxc4 Qxc4 30. Nxe4 Qxa2 31. b3 Qb2 32. Nf6+ Kg7 33.
Ne8+ Kh8 34. Qxa7 Qxc2 35. Qa5 Qd2 36. Qe5+ {Normal} 1-0

[Event "Rated Blitz game"]
[Site "?"]
[Date "2021.01.06"]
[Round "?"]
[White "Atlas_Lion07"]
[Black "Jomajo"]
[Result "0-1"]
[WhiteElo "2425"]
[BlackElo "2580"]
[PlyCount "114"]
[EventDate "2021.??.??"]
[EventType "blitz"]

1. e4 e5 2. Nf3 d5 3. exd5 e4 4. Ne5 Qxd5 5. d4 exd3 6. Nxd3 Nc6 7. Nc3 Qa5 8.
Be2 Nf6 9. O-O Bd6 10. Bf4 Bxf4 11. Nxf4 O-O 12. Nfd5 Nxd5 13. Qxd5 Qb6 14. Qb5
Nd4 15. Qxb6 axb6 16. Bd3 Be6 17. a3 Rfd8 18. Rad1 c6 19. Rfe1 g6 20. f3 Kg7
21. Kf2 b5 22. Ne4 b6 23. c3 Nb3 24. Ng5 Nc5 25. Nxe6+ Nxe6 26. Be4 Rac8 27. b4
c5 28. Bb7 Rc7 29. Rxd8 Nxd8 30. Ba6 Ra7 31. Bxb5 Rxa3 32. bxc5 bxc5 33. c4 Ne6
34. Bc6 Nd4 35. Bd5 Ra2+ 36. Kf1 Kf6 37. h4 h5 38. g4 Rh2 39. gxh5 gxh5 40. Re4
Nf5 41. Rf4 Rxh4 42. Re4 Ng3+ 43. Kg2 Nxe4 44. fxe4 Rf4 45. Kg3 Kg5 46. e5 h4+
47. Kg2 Rg4+ 48. Kh3 Rf4 49. Kg2 Rf5 50. e6 fxe6 51. Bxe6 Re5 52. Bd5 Re3 53.
Kh2 Kf4 54. Kg2 h3+ 55. Kh2 Kg4 56. Bc6 Re2+ 57. Kh1 Kg3 {Normal} 0-1